Les 100 plus gros Transferts de la Ligue Portugaise (Départs) - Statistiques

Statistiques générales
  • Ce quiz a été pris 435 fois
    195 depuis la dernière actualisation
  • Le résultat moyen est 50 sur 100
Statistiques - réponses
Rang Saison Vendeur Acheteur Montant
Du
Transfert
Réponse % Correct
1 19/20 SL Benfica Atlético Madrid 127 200 000 € Joao Félix
100%
9 24/25 SL Benfica Paris SG 59 920 000 € Joao Neves
98%
3 22/23 SL Benfica FC Liverpool 85 000 000 € Darwin Nunez
97%
88 17/18 FC Porto Wolverhampton 17 900 000 € Ruben Neves
97%
2 22/23 SL Benfica Chelsea FC 121 000 000 € Enzo Fernandez
96%
4 20/21 SL Benfica Manchester City 71 600 000 € Ruben Dias
96%
6 19/20 Sporting CP Manchester United 65 000 000 € Bruno Fernandes
94%
5 23/24 SL Benfica Paris SG 65 000 000 € Goncalo Ramos
94%
25 22/23 Sporting CP Paris SG 38 000 000 € Nuno Mendes
91%
17 22/23 FC Porto Paris SG 41 500 000 € Vitinha
91%
36 22/23 SC Braga Olympique de Marseille 32 000 000 € Vitinha
91%
87 07/08 SL Benfica FC Valence 18 000 000 € Manuel Fernandes
90%
8 23/24 Sporting CP Paris SG 60 000 000 € Manuel Ugarte
83%
57 21/22 FC Famalicao Sporting CP 24 500 000 € Manuel Ugarte
83%
15 13/14 FC Porto AS Monaco 45 000 000 € James Rodriguez
82%
10 21/22 FC Porto FC Liverpool 53 000 000 € Luis Diaz
82%
12 19/20 FC Porto Real Madrid CF 50 000 000 € Eder Militao
81%
69 17/18 Sporting CP Leicester City 20 500 000 € Adrien Silva
77%
27 17/18 FC Porto AC Milan 38 000 000 € André Silva
77%
24 11/12 FC Porto Atlético Madrid 40 000 000 € Radamel Falcao
77%
100 14/15 SL Benfica AS Monaco 15 750 000 € Bernardo Silva
76%
20 20/21 FC Porto Wolverhampton 40 000 000 € Fabio Silva
76%
7 23/24 FC Porto Al-Nassr 60 000 000 € Otavio
76%
22 12/13 FC Porto Zenit Saint-Petersbourg 40 000 000 € Hulk
71%
83 03/04 Sporting CP Manchester United 19 000 000 € Cristiano Ronaldo
68%
14 14/15 FC Porto Manchester City 45 000 000 € Eliaquim Mangala
68%
33 16/17 SL Benfica Bayern Munich 35 000 000 € Renato Sanches
68%
35 10/11 SL Benfica Real Madrid CF 33 000 000 € Angel Di Maria
67%
21 17/18 SL Benfica Manchester City 40 000 000 € Ederson
67%
53 13/14 FC Porto AS Monaco 25 000 000 € Joao Moutinho
66%
44 07/08 FC Porto Real Madrid CF 30 000 000 € Pepe
66%
93 22/23 SL Benfica Celtic Glasgow 16 200 000 € Jota
65%
73 18/19 Sporting CP Lille OSC 20 200 000 € Rafael Leao
63%
37 15/16 FC Porto Real Madrid CF 31 500 000 € Danilo
62%
29 17/18 SL Benfica FC Barcelone 35 700 000 € Nelson Semedo
62%
59 09/10 FC Porto Olympique Lyonnais 24 000 000 € Lisandro Lopez
61%
19 23/24 Sporting CP Tottenham Hotspurs 40 000 000 € Pedro Porro
60%
41 16/17 SL Benfica Paris SG 30 000 000 € Goncalo Guedes
59%
45 04/05 FC Porto Chelsea FC 30 000 000 € Ricardo Carvalho
58%
84 18/19 Sporting CP Real Betis 18 500 000 € William Carvalho
58%
95 21/22 FC Porto Paris SG 16 000 000 € Danilo Pereira
57%
13 22/23 Sporting CP Wolverhampton 47 400 000 € Matheus Nunes
56%
62 18/19 FC Porto Leicester City 22 000 000 € Ricardo Pereira
56%
30 22/23 FC Porto Arsenal FC 35 000 000 € Fabio Vieira
55%
16 16/17 Sporting CP Inter Milan 44 780 000 € Joao Mario
53%
68 04/05 FC Porto FC Barcelone 21 000 000 € Deco
52%
48 07/08 Sporting CP Manchester United 25 500 000 € Nani
52%
43 11/12 SL Benfica Real Madrid CF 30 000 000 € Fabio Coentrao
51%
34 15/16 FC Porto Atlético Madrid 35 000 000 € Jackson Martinez
51%
56 08/09 FC Porto Inter Milan 24 600 000 € Ricardo Quaresma
51%
40 20/21 SC Braga FC Barcelone 30 940 000 € Trincao
51%
46 24/25 SL Benfica SSC Naples 28 000 000 € David Neres
49%
11 24/25 FC Porto Al-Ahli 50 000 000 € Galeno
49%
23 12/13 SL Benfica Zenit Saint-Petersbourg 40 000 000 € Axel Witsel
47%
54 10/11 SL Benfica Chelsea FC 25 000 000 € David Luiz
47%
82 09/10 FC Porto Olympique de Marseille 19 000 000 € Lucho Gonzalez
45%
67 19/20 Sporting CP Stade Rennais FC 21 000 000 € Raphinha
43%
55 22/23 Sporting CP FC Fulham 24 900 000 € Joao Palhinha
42%
77 15/16 SL Benfica FC Valence 20 000 000 € André Gomes
41%
91 00/01 SL Benfica ACF Fiorentina 17 000 000 € Nuno Gomes
41%
64 18/19 FC Porto Manchester United 22 000 000 € Diogo Dalot
40%
28 24/25 FC Porto AFC Bournemouth 37 000 000 € Evanilson
40%
26 19/20 SL Benfica Wolverhampton 38 000 000 € Raul Jimenez
38%
61 19/20 SL Benfica Eintracht Francfort 22 340 000 € Luka Jovic
35%
18 24/25 SL Benfica Al-Hilal 40 000 000 € Marcos Leonardo
33%
47 15/16 FC Porto Juventus Turin 28 000 000 € Alex Sandro
32%
32 17/18 SL Benfica Manchester United 35 000 000 € Victor Lindelof
32%
38 07/08 FC Porto Manchester United 31 500 000 € Anderson
31%
49 16/17 SL Benfica Atlético Madrid 25 000 000 € Nico Gaitan
31%
63 18/19 Sporting CP Atlético Madrid 22 000 000 € Gelson Martins
29%
98 14/15 SL Benfica Atlético Madrid 16 000 000 € Jan Oblak
29%
52 13/14 SL Benfica Chelsea FC 25 000 000 € Nemanja Matic
29%
86 18/19 Sporting CP Wolverhampton 18 000 000 € Rui Patricio
29%
42 15/16 SL Benfica FC Valence 30 000 000 € Rodrigo
27%
58 15/16 FC Porto Stoke City 24 250 000 € Giannelli Imbula
26%
70 08/09 FC Porto Chelsea FC 20 500 000 € Bosingwa
25%
65 10/11 SL Benfica Chelsea FC 22 000 000 € Ramires
24%
94 09/10 FC Porto Olympique Lyonnais 16 200 000 € Aly Cissokho
23%
66 10/11 FC Porto Zenit Saint-Petersbourg 22 000 000 € Bruno Alves
23%
51 14/15 SL Benfica FC Liverpool 25 000 000 € Lazar Markovic
23%
80 04/05 FC Porto Chelsea FC 20 000 000 € Paulo Ferreira
23%
39 16/17 Sporting CP Leicester City 31 000 000 € Islam Slimani
22%
97 16/17 SC Braga SL Benfica 16 000 000 € Rafa
22%
96 20/21 SC Braga Sporting CP 16 000 000 € Paulinho
19%
50 14/15 SL Benfica FC Valence 25 000 000 € Enzo Perez
18%
78 14/15 Sporting CP Manchester United 20 000 000 € Marcos Rojo
18%
81 18/19 SL Benfica GZ Evergrande 19 200 000 € Talisca
18%
76 19/20 FC Porto Atlético Madrid 20 000 000 € Felipe
16%
60 19/20 SL Benfica Espanyol Barcelone 22 500 000 € Raul de Tomas
16%
90 22/23 SL Benfica FC Bruges 17 000 000 € Roman Yaremchuk
16%
31 18/19 Portimonense SC Al-Duhail SC 35 000 000 € Shoya Nakajima
16%
79 07/08 SL Benfica Atlético Madrid 20 000 000 € Simao
16%
71 20/21 Sporting CP Zenit Saint-Petersbourg 20 300 000 € Wendel
16%
92 24/25 Sporting CP Leicester City 16 250 000 € Issahaku Fatawu
14%
75 12/13 SL Benfica Manchester City 20 200 000 € Javi Garcia
14%
99 05/06 FC Porto Dynamo Moscou 16 000 000 € Maniche
14%
72 22/23 SC Braga FC Porto 20 280 000 € David Carmo
13%
74 19/20 Vitoria Guimaraes SC Bayer Leverkusen 20 200 000 € Edmond Tapsoba
13%
85 21/22 SL Benfica Shakhtar Donetsk 18 000 000 € Pedrinho
10%
89 00/01 FC Porto Galatasaray 17 050 000 € Jardel
9%
Aucun quiz correspondant
Distribution des résultats
% des personnes avec chaque résultat
Percentile par nombre de réponses
Votre historique - résultats
Vous n’avez pas pris ce quiz depuis la dernière actualisation